00689nam a2200217Ia 4500003000400000005001700004008004100021020003000062040001700092082002200109100002000131245005600151250001100207260002800218300002700246500001900273650002600292942000900318952012900327999001500456IIN20250526122546.0250526s2025 xx ad 001 0 eng d cRs.1850.00a9789356962026 aIINbEnglish a615.1 bTRI1 aTripathi, K. D.1 aEssentials of Medical Pharmacology/cK. D. Tripathi a9th ed aNew DelhibJaypeec2025 axvi, 1116 p.bcol. ill aIncludes Index1 aPharmacologyvMedical cBOOK 00102ddc40708PURCHaIINbIINcGENd2025-03-11g1850.00l0o615.1 TRIp2070r2025-05-26 12:26:31w2025-05-26yBOOK c1841d1841